000 00892nam a2200229Ia 4500
001 L250-16992
003 IT-CnALBA
008 170116s9999||||xx |||||||||||||| ||und||
040 _aIT-CnALBA
_cIT-CnALBA
041 _aITALIANO
100 _aDE CIBERGUES
245 0 _aRIPARAZIONE. ISTRUZIONI PER UOMINI. VOL. II.
250 _a1a ed.
260 _a PISA. FIR. FAENZA
_bSALESIANA LIBR. EDIT.
_c1911 [1° Ed.:1911 - Ed.Ling.Originale: 1905]
300 _a150 p. (prefazione: 10)
500 _aTRADUZIONE DAL FRANCESE DI ALBERA GIULIO. RIPARAZIONE. OPERE. EUCARESTIA E RIPARAZIONE.
501 _aSocietà San Paolo EM - Piazza San Paolo, 14 - 12051 ALBA (CN) (non commercial uses only) ® Copyright 2017
520 _aTRADUZIONE DAL FRANCESE DI ALBERA GIULIO. RIPARAZIONE. OPERE. EUCARESTIA E RIPARAZIONE.
650 _aTEOLOGIA PASTORALE
942 _cBK
957 _71
999 _a21736
_bSI
_g Copie: 1
_c276147
_d276147